LEADER 01311nam a2200229 i 4500 001 000000246702 003 CaOOAMICUS 005 20151123000000.0 008 151123s1747 it u000 u lat u 013 $a225607 026 $aumO- m-ed 8.c- (ati (3) 1747 (R) 040 $aSeMil$bita 245 10$aTomus 1. 300 $a[12], XLIX, [1], 400, [16] p., [1] carta di tav. :$britr. calcogr. 500 $aRitratto di Carlo Borromeo inciso inciso e disegnato da Giovanbattista Sassi e Francesco Zucchi. - Iniz., fregi xilogr. - Segn. : pg2 2p4 *-3*8 (3*8+4*1) A-2C8. 700 1 $aSassi, Giovanni Battista .$0(OLS)http://semarc/name/13438 700 1 $aZucchi, Francesco .$0(OLS)http://semarc/name/5158 773 0 $aBorromeo, Carlo $tS. Caroli Borromei s.r. e. cardinali archiepiscopi mediolani Homiliae nunc primum e mss. codicibus Bibliothecae Ambrosianae in lucem productae Joseph Antonii Saxii praefatione et annotationibus illustratae. Tomus 1. [-5.].$dMediolani : Ex Typographia Bibliothecae Ambrosianae apud Joseph Marellum, 1747-1748.$g1$w()32836 850 $aSeMil 852 $aSeMil$W1$xVenegono$y1$m3G V 39 FA$j197048$B197048$CSeMilBibl$Z2$F208058 $8I 961 $aRecupero: Altro 996 $6245$aTomus 1$9(OLS)http://semarc/title/47282 LEADER 01115nam a2200217 i 4500 001 000000080347 003 CaOOAMICUS 005 20210118114553.0 008 170621s1892 fr u000 u lat u 013 $a52585 040 $aSeMil$bita 100 0 $aJean : Eudes,$c.$0(OLS)http://semarc/name/23145 245 10$aRegulae Congregationis Jésu et Mariae :$bquas omnibus ejusdem congregationis alimnis peaebent Christus Jesus, et Sanctissima genitrix ejus Maria /$cauctore V. J. Eudes. 264 1$aParis ; Lyon :$bDelhomme & Briguet,$c1892. 300 $a127 p. ;$c13 cm. 650 4$aCongregazione di Gesù e Maria - Regole e costituzioni.$0(OLS)http://semarc/subject/45304 850 $aSeMil 852 $aSeMil$W1$xVenegono$y1$m2ZB VII 19 FA$j45852$B45852$CSeMilBibl$Z2$F47944 $8I 996 $6245$aRegulae Congregationis Jésu et Mariae :$bquas omnibus ejusdem congregationis alimnis peaebent Christus Jesus, et Sanctissima genitrix ejus Maria$9(OLS)http://semarc/title/403877 996 $6264$aParis ; Lyon :$bDelhomme & Briguet$9(OLS)http://semarc/publisher/31455